000
00295nam a22001337a 4500
020
_a
817826152-9
082
_a
823
_b
SHE/F
100
_a
MARY SHELLEY
245
_a
FRANKENSTEIN
260
_a
DELHI
_b
ROHAN BOOK COMPANY
_c
2003
300
_a
220
650
_a
MODERN ILLUSTRATED CLASSICS
942
_c
BK
999
_c
306
_d
306